| 000 | 01945nam0a2200373 4500 | ||
|---|---|---|---|
| 001 | RU\NLR\bibl\1129947 | ||
| 005 | 20250615071003.0 | ||
| 010 |
_a978-5-94-526-024-5 _9500 |
||
| 021 |
_aRU _b2007-53323 _92827 |
||
| 021 |
_aRU _b2007-52850 _92802 |
||
| 035 | _a(nilc)RSL-KNO-003154213 | ||
| 035 | _a(NLR Aleph) 001116868 | ||
| 090 |
_a1273228 _c1273228 |
||
| 100 | _a20070813d2007 |||y0rusy50 ca | ||
| 101 | 0 | _arus | |
| 102 | _aRU | ||
| 105 | _ay ||||||||| | ||
| 200 | 1 |
_aСовременное высшее гуманитарное образование _fН.В. Асташкина _gГуманитарный ин-т |
|
| 210 |
_aМосква _cГуманитарный институт _d2007 |
||
| 215 |
_a66,[2] с. _d22 |
||
| 320 | _aБиблиогр. в конце кн. (75 назв.) | ||
| 606 | 1 |
_aВысшее гуманитарное образование _yРоссийская Федерация _92193772 _3RU\NLR\auth\661318586 |
|
| 610 | 0 | _aКультура. Наука. Просвещение -- Народное образование. Педагогические науки -- Высшее образование. Педагогика высшей школы -- Педагогика высшей школы -- Российская Федерация -- Дидактика -- Процесс обучения. Дидактические принципы -- Процесс обучения | |
| 610 | 0 | _aСоциология -- Социальные институты -- Социология образования. Педагогическая социология | |
| 686 |
_aЧ481,6(2)221,0 _2rubbk |
||
| 686 |
_aС556.55,0 _2rubbk |
||
| 686 | _aЧ489.14(2Р) | ||
| 700 | 1 |
_aАсташкина _bН. В. _gНадежда Викторовна _4070 |
|
| 801 | 0 |
_aRU _bРКП _c20070813 _grcr |
|
| 801 | 1 |
_aRU _bРГБ _c20070813 |
|
| 801 | 2 |
_aRU _bNLR _c20070918 _grcr |
|
| 942 | _cBOOK | ||
| 980 | _aNB | ||